[Event "AUT-ch U16 Girls"]
[Site "Woerth"]
[Date "2014.04.15"]
[Round "4"]
[White "Trenkwalder, Verena"]
[Black "Berger, Lisa"]
[Result "1/2-1/2"]
[WhiteElo "1512"]
[BlackElo "1631"]
[PlyCount "59"]
[EventDate "2014.04.13"]
[EventType "swiss"]
[EventRounds "7"]
[EventCountry "AUT"]
[SourceTitle "EXT 2015"]
[Source "ChessBase"]
[SourceDate "2014.11.20"]
[SourceVersion "1"]
[SourceVersionDate "2014.11.20"]
[SourceQuality "1"]

1. e4 c5 2. Nc3 e6 3. g3 Nc6 4. Bg2 Nf6 5. d3 d5 6. exd5 Nxd5 7. Nxd5 exd5 8. Ne2 Bg4 9. 0-0 Be7 10. c3 0-0 11. f3 Bf5 12. Bf4 Qb6 13. Qd2 Rfe8 14. Kh1 Bf6 15. Rfe1 Rad8 16. g4 Bg6 17. Bg3 d4 18. c4 h6 19. h4 Be5 20. f4 Bd6 21. f5 Bh7 22. Be4 Ne5 23. Bxe5 Bxe5 24. Nf4 Bxf4 25. Qxf4 Qa6 26. b3 b6 27. Rg1 Qc8 28. Rae1 Kh8 29. Rg2 Qd7 30. Rgg1 1/2-1/2

[Event "AUT-chT (Women) 1314"]
[Site "Austria"]
[Date "2013.12.08"]
[Round "3"]
[White "Schmidbauer, Andrea"]
[Black "Berger, Lisa"]
[Result "1-0"]
[WhiteElo "1887"]
[BlackElo "1631"]
[PlyCount "49"]
[EventDate "2013.12.06"]
[EventType "team-tourn"]
[EventRounds "9"]
[EventCountry "AUT"]
[SourceTitle "EXT 2015"]
[Source "ChessBase"]
[SourceDate "2014.11.20"]
[SourceVersion "1"]
[SourceVersionDate "2014.11.20"]
[SourceQuality "1"]
[WhiteTeam "Schachamazonen (W)"]
[BlackTeam "Baden Invest (W)"]
[WhiteTeamCountry "AUT"]
[BlackTeamCountry "AUT"]

1. g3 d5 2. Bg2 Nf6 3. Nf3 Nc6 4. d4 Bf5 5. 0-0 h6 6. Nbd2 e6 7. b3 Bd6 8. Bb2 0-0 9. c4 b6 10. Rc1 Qe7 11. cxd5 Nd8 12. dxe6 Bxe6 13. e4 Bb4 14. a3 Bxd2 15. Nxd2 Rc8 16. d5 Bd7 17. e5 Ne8 18. Re1 Bf5 19. b4 Rb8 20. Qb3 Nb7 21. h3 Qd7 22. g4 Bg6 23. Qc3 Qd8 24. f4 Bh7 25. f5 1-0

[Event "AUT-ch U16 Girls"]
[Site "Marz"]
[Date "2013.03.26"]
[Round "4"]
[White "Lymysalo, Venla"]
[Black "Berger, Lisa"]
[Result "1-0"]
[WhiteElo "1600"]
[BlackElo "1521"]
[PlyCount "87"]
[EventDate "2013.03.24"]
[EventType "swiss"]
[EventRounds "7"]
[EventCountry "AUT"]
[SourceTitle "EXT 2015"]
[Source "ChessBase"]
[SourceDate "2014.11.20"]
[SourceVersion "1"]
[SourceVersionDate "2014.11.20"]
[SourceQuality "1"]

1. d4 d5 2. c4 e6 3. Nc3 Nf6 4. cxd5 Nxd5 5. e4 Nf6 6. Bg5 Be7 7. e5 Nd5 8. Bxe7 Qxe7 9. Nxd5 exd5 10. Qd2 Nc6 11. f4 Qb4 12. Nf3 Qxd2+ 13. Kxd2 a6 14. Bd3 Bg4 15. Kc3 Bxf3 16. gxf3 b5 17. a3 Ke7 18. Bf5 Nd8 19. Rac1 Ra7 20. Kd3 Ne6 21. Ke3 Rb8 22. b3 g6 23. Bxe6 fxe6 24. h4 h5 25. Rhg1 Kf7 26. Rc2 Rc8 27. Rc6 Rb8 28. Rgc1 Rc8 29. R1c2 Ke7 30. Rg2 Kd7 31. Rc1 Rg8 32. Rcg1 Raa8 33. Rxg6 Rxg6 34. Rxg6 Rh8 35. Rf6 Ke7 36. f5 exf5 37. Rxf5 Rh6 38. Rg5 Kf7 39. f4 a5 40. f5 c6 41. Kf4 Kf8 42. Rg6 Rxg6 43. fxg6 Kg7 44. Kf5 1-0

[Event "AUT-ch U16 Girls"]
[Site "Marz"]
[Date "2013.03.24"]
[Round "1"]
[White "Berger, Lisa"]
[Black "Trippold, Denise"]
[Result "0-1"]
[WhiteElo "1521"]
[BlackElo "1770"]
[PlyCount "40"]
[EventDate "2013.03.24"]
[EventType "swiss"]
[EventRounds "7"]
[EventCountry "AUT"]
[SourceTitle "EXT 2015"]
[Source "ChessBase"]
[SourceDate "2014.11.20"]
[SourceVersion "1"]
[SourceVersionDate "2014.11.20"]
[SourceQuality "1"]

1. d4 Nf6 2. c4 e6 3. Nc3 Bb4 4. Bd2 d5 5. e3 0-0 6. Nf3 b6 7. a3 Bd6 8. Bd3 Bb7 9. 0-0 Ne4 10. Be1 Nd7 11. Qc2 f5 12. b4 Nxc3 13. Qxc3 dxc4 14. Bxc4 Bxf3 15. Bxe6+ Kh8 16. gxf3 Bxh2+ 17. Kxh2 Qh4+ 18. Kg1 Qg5+ 19. Kh2 Rf6 20. Bxd7 Rh6# 0-1

[Event "AUT-ch U14 Girls"]
[Site "Tschagguns"]
[Date "2012.05.27"]
[Round "3"]
[White "Berger, Lisa"]
[Black "Trenkwalder, Verena"]
[Result "1/2-1/2"]
[WhiteElo "1622"]
[BlackElo "1549"]
[PlyCount "79"]
[EventDate "2012.05.26"]
[EventType "swiss"]
[EventRounds "7"]
[EventCountry "AUT"]
[SourceTitle "CBM 148 Extra"]
[Source "ChessBase"]
[SourceDate "2012.06.22"]
[SourceVersion "1"]
[SourceVersionDate "2012.06.22"]
[SourceQuality "1"]

1. d4 d5 2. c4 c6 3. Nf3 Nf6 4. Nc3 e6 5. e3 a6 6. Bd3 dxc4 7. Bxc4 Nbd7 8. 0-0 Nb6 9. Bd3 Be7 10. Qc2 Nbd5 11. a3 h6 12. Nxd5 cxd5 13. Ne5 0-0 14. Bd2 Bd7 15. Nxd7 Qxd7 16. Rac1 Rac8 17. Qb1 Bd6 18. Rxc8 Rxc8 19. Rc1 Rxc1+ 20. Qxc1 Qc7 21. Qxc7 Bxc7 22. Bb4 a5 23. Bc3 b6 24. b4 Nd7 25. Bb5 Nf6 26. f3 g6 27. g3 h5 28. Kf2 Kg7 29. Ke2 g5 30. Kf2 g4 31. Be1 Nh7 32. Be2 f5 33. f4 Nf6 34. Bd3 Kf7 35. Ke2 Ke7 36. Kd1 Nd7 37. Kc2 Nb8 38. b5 Bd6 39. a4 Kd7 40. Kb3 1/2-1/2

[Event "AUT-ch U14 Girls"]
[Site "Altenmark"]
[Date "2011.06.12"]
[Round "3"]
[White "Lasinger, Melanie"]
[Black "Berger, Lisa"]
[Result "1/2-1/2"]
[WhiteElo "1536"]
[BlackElo "1429"]
[PlyCount "67"]
[EventDate "2011.06.11"]
[EventType "swiss"]
[EventRounds "7"]
[EventCountry "AUT"]
[SourceTitle "EXT 2013"]
[Source "ChessBase"]
[SourceDate "2012.11.22"]
[SourceVersion "1"]
[SourceVersionDate "2012.11.22"]
[SourceQuality "1"]

1. e4 c5 2. Nf3 e6 3. d4 cxd4 4. Nxd4 Nc6 5. Nc3 a6 6. Be3 Qc7 7. Qd2 Nf6 8. Be2 Bb4 9. f3 Ne5 10. Bf4 Nh5 11. Bxe5 Qxe5 12. g3 Nf6 13. 0-0-0 Qc7 14. Qe3 Bxc3 15. Qxc3 Qxc3 16. bxc3 d5 17. e5 Nd7 18. f4 b5 19. Nb3 Bb7 20. Rhf1 Rc8 21. Rd3 Ke7 22. Re3 Nb6 23. Nd4 Rc7 24. f5 Nc4 25. Bxc4 Rxc4 26. Kd2 b4 27. Rf4 bxc3+ 28. Rxc3 Rxc3 29. Kxc3 Rc8+ 30. Kb2 Rc4 31. c3 Bc8 32. g4 exf5 33. gxf5 Rc7 34. Nb3 1/2-1/2

[Event "AUT-ch U12 Girls"]
[Site "Eisenstadt"]
[Date "2010.05.25"]
[Round "7.4"]
[White "Berger, Lisa"]
[Black "Dalnodar, Martina"]
[Result "1-0"]
[WhiteElo "1457"]
[BlackElo "1375"]
[PlyCount "109"]
[EventDate "2010.05.22"]
[EventType "swiss"]
[EventRounds "7"]
[EventCountry "AUT"]
[SourceTitle "EXT 2024"]
[Source "ChessBase"]
[SourceDate "2023.10.10"]
[SourceVersion "1"]
[SourceVersionDate "2023.10.10"]
[SourceQuality "1"]

1. d4 d5 2. c4 c6 3. Nc3 Nf6 4. Nf3 e6 5. e3 Nbd7 6. Bd3 Bd6 7. 0-0 dxc4 8. Bxc4 0-0 9. Bb3 Re8 10. Bc2 Bc7 11. Qd3 Qe7 12. e4 g6 13. Qe3 Ng4 14. Qd2 Ngf6 15. Qe2 b5 16. a3 a5 17. Qd1 c5 18. Nxb5 Bb6 19. Nc3 cxd4 20. Nxd4 Qd6 21. Nf3 Bc7 22. Qxd6 Bxd6 23. Rd1 Bc7 24. Nb5 Bb6 25. Nd6 Rd8 26. Nxc8 Raxc8 27. Ba4 Nc5 28. Bg5 Rxd1+ 29. Rxd1 Nfxe4 30. Bb5 Nxg5 31. Nxg5 h6 32. Nh3 Ne4 33. Kf1 Rc2 34. Bd3 Nd2+ 35. Ke1 Rxb2 36. Rxd2 Rxd2 37. Kxd2 Kf8 38. f3 f5 39. Ke2 Kf7 40. Nf2 g5 41. Nd1 Kf6 42. Nb2 Bc5 43. Nc4 a4 44. Bc2 Bg1 45. h3 h5 46. Bxa4 g4 47. hxg4 hxg4 48. fxg4 fxg4 49. Bd7 Kf5 50. Ne3+ Bxe3 51. Kxe3 Kg5 52. Bxe6 Kh4 53. a4 Kg3 54. a5 Kxg2 55. Bxg4 1-0

[Event "AUT-ch U08/10"]
[Site "Schwarzach"]
[Date "2008.06.08"]
[Round "7"]
[White "Trenkwalder, Verena"]
[Black "Berger, Lisa"]
[Result "1-0"]
[WhiteElo "1437"]
[BlackElo "1467"]
[PlyCount "114"]
[EventDate "2008.06.06"]
[EventType "swiss"]
[EventRounds "7"]
[EventCountry "AUT"]
[SourceTitle "EXT 2009"]
[Source "ChessBase"]
[SourceDate "2008.11.26"]
[SourceVersion "1"]
[SourceVersionDate "2008.11.26"]
[SourceQuality "1"]

1. e4 e5 2. Nf3 d6 3. c3 Nf6 4. d3 Be7 5. h3 0-0 6. Bg5 c6 7. Nbd2 Be6 8. d4 exd4 9. cxd4 Nbd7 10. Bd3 Ne8 11. Bf4 Nc7 12. 0-0 h6 13. Qe2 Nb6 14. Bc2 d5 15. Qd3 dxe4 16. Nxe4 Ne8 17. Nd6 Nf6 18. Ne4 Nxe4 19. Qxe4 g6 20. Bxh6 Re8 21. Qe5 Bf6 22. Qf4 Nd5 23. Qg3 Kh7 24. Bd2 Bd7 25. Ng5+ Kg7 26. Qh4 Rh8 27. Qg3 Bxg5 28. Bxg5 Qc7 29. Qxc7 Nxc7 30. Rfe1 Rae8 31. Rxe8 Rxe8 32. a4 a6 33. b3 b5 34. a5 Nd5 35. g4 f6 36. Bh4 g5 37. Bg3 Re2 38. Bd3 Rd2 39. Bf1 Rxd4 40. f3 Nf4 41. Re1 Kf8 42. Bxf4 Rxf4 43. Be2 Rb4 44. Bd1 Kf7 45. Kf2 Be6 46. Re3 Rd4 47. Bc2 Rd2+ 48. Re2 Rxe2+ 49. Kxe2 Ke7 50. Kd3 Kd6 51. Kd4 c5+ 52. Ke4 c4 53. bxc4 bxc4 54. Kd4 Kc6 55. Ba4+ Kb7 56. Be8 Kc7 57. Ba4 Kd6 1-0

[Event "AUT-ch U12 Girls"]
[Site "Vienna"]
[Date "2008.05.12"]
[Round "6"]
[White "Berger, Lisa"]
[Black "Strafinger, Elisabeth"]
[Result "1/2-1/2"]
[WhiteElo "1467"]
[BlackElo "1418"]
[PlyCount "114"]
[EventDate "2008.05.10"]
[EventType "swiss"]
[EventRounds "7"]
[EventCountry "AUT"]
[SourceTitle "EXT 2009"]
[Source "ChessBase"]
[SourceDate "2008.11.26"]
[SourceVersion "1"]
[SourceVersionDate "2008.11.26"]
[SourceQuality "1"]

1. d4 d5 2. c4 e6 3. Nc3 Nf6 4. Nf3 Be7 5. cxd5 exd5 6. Bg5 h6 7. Bd2 0-0 8. e3 Bg4 9. Be2 Re8 10. 0-0 Nc6 11. Rb1 Bb4 12. a3 Bd6 13. h3 Bf5 14. Ra1 Be4 15. b4 a5 16. bxa5 Nxa5 17. Nb5 Nc6 18. Nxd6 Qxd6 19. a4 Bxf3 20. Bxf3 Ne4 21. Be1 Qg6 22. Qb3 Ne7 23. Qxb7 Rac8 24. Bxe4 Qxe4 25. Rc1 Nf5 26. g3 Nd6 27. Qb3 Qe6 28. Kh2 Red8 29. Ba5 Rd7 30. Rc2 f6 31. Rfc1 Qf7 32. Rc5 Ne4 33. R5c2 Nd6 34. f3 Nc4 35. Bd2 Qh5 36. g4 Qh4 37. Be1 Qg5 38. f4 Qg6 39. Kg3 Re7 40. Bf2 Rce8 41. Rc3 Nd2 42. Qc2 Ne4+ 43. Kf3 Nxc3 44. Qxg6 Ne4 45. Ra1 Nxf2 46. Kxf2 Rxe3 47. h4 Re2+ 48. Kf1 R2e4 49. Qf5 Rxd4 50. g5 Ree4 51. Qc8+ Kh7 52. Qxc7 Rxf4+ 53. Ke2 Rde4+ 54. Kd2 Rd4+ 55. Ke3 Rde4+ 56. Kd3 Rd4+ 57. Ke2 Rde4+ 1/2-1/2

[Event "AUT-ch U08"]
[Site "St Leonhard/Forst"]
[Date "2006.??.??"]
[Round "3"]
[White "Berger, Lisa"]
[Black "Hofer, Emilian"]
[Result "1-0"]
[WhiteElo "1200"]
[BlackElo "1354"]
[PlyCount "64"]
[EventDate "2006.05.??"]
[EventType "swiss"]
[EventRounds "7"]
[EventCountry "AUT"]
[SourceTitle "EXT 2009"]
[Source "ChessBase"]
[SourceDate "2008.11.26"]
[SourceVersion "1"]
[SourceVersionDate "2008.11.26"]
[SourceQuality "1"]

1. e4 e5 2. Nf3 Nc6 3. Nc3 Nf6 4. Bc4 Bc5 5. d3 d6 6. Bg5 h6 7. Bxf6 Qxf6 8. h3 0-0 9. 0-0 Qg6 10. Nh4 Qg5 11. Nf3 Qg3 12. Nd5 Bxh3 13. Ne1 a6 14. Qf3 Qxf3 15. Nxf3 Bg4 16. Nxc7 Rac8 17. Nd5 b5 18. Bb3 Na5 19. Ne7+ Kh8 20. Nxc8 Rxc8 21. Bxf7 Rf8 22. Bg6 Rf6 23. Be8 g6 24. c3 Bb6 25. b4 Nb7 26. d4 Kh7 27. dxe5 dxe5 28. Nxe5 Bh5 29. Nd7 Rd6 30. Rad1 Re6 31. Nxb6 Rxe8 32. Rd7+ Kg8 1-0

[Event "AUT-ch U08"]
[Site "St Leonhard/Forst"]
[Date "2006.??.??"]
[Round "7"]
[White "Berger, Lisa"]
[Black "Mueller, Philip1111"]
[Result "1-0"]
[WhiteElo "1200"]
[BlackElo "1200"]
[PlyCount "47"]
[EventDate "2006.05.??"]
[EventType "swiss"]
[EventRounds "7"]
[EventCountry "AUT"]
[SourceTitle "EXT 2009"]
[Source "ChessBase"]
[SourceDate "2008.11.26"]
[SourceVersion "1"]
[SourceVersionDate "2008.11.26"]
[SourceQuality "1"]

1. e4 e5 2. Nf3 Nc6 3. Nc3 d6 4. Bc4 b6 5. d3 Bb7 6. Bg5 f6 7. Bc1 g6 8. Bxg8 Rxg8 9. 0-0 Qe7 10. Nd5 Qe6 11. Nxc7+ Ke7 12. Nxe6 Kxe6 13. h3 Bg7 14. Qe2 Ba6 15. Qd2 Rac8 16. c4 f5 17. exf5+ gxf5 18. Ng5+ Kf6 19. Nxh7+ Kg6 20. Qg5+ Kf7 21. Qxf5+ Ke7 22. Bg5+ Ke8 23. Qe6+ Ne7 24. Qxe7# 1-0

[Event "AUT-ch U08"]
[Site "St Leonhard/Forst"]
[Date "2006.??.??"]
[Round "4"]
[White "Berger, Lisa"]
[Black "Schnegg, Anna Lena"]
[Result "0-1"]
[WhiteElo "1200"]
[BlackElo "1200"]
[PlyCount "66"]
[EventDate "2006.05.??"]
[EventType "swiss"]
[EventRounds "7"]
[EventCountry "AUT"]
[SourceTitle "EXT 2009"]
[Source "ChessBase"]
[SourceDate "2008.11.26"]
[SourceVersion "1"]
[SourceVersionDate "2008.11.26"]
[SourceQuality "1"]

1. e4 e6 2. Nf3 d5 3. e5 c5 4. Bb5+ Nc6 5. Nc3 a6 6. Bxc6+ bxc6 7. d3 d4 8. Ne4 f6 9. exf6 Nxf6 10. Nxf6+ Qxf6 11. Bg5 Qg6 12. 0-0 h6 13. Qd2 hxg5 14. Qxg5 Qxg5 15. Nxg5 Bd6 16. Ne4 Bxh2+ 17. Kh1 Rb8 18. b3 Bb7 19. Nxc5 Bd6+ 20. Kg1 Bxc5 21. Rae1 Bc8 22. Re5 Bd6 23. Rg5 Bh2+ 24. Kh1 Bf4+ 25. Kg1 Bxg5 26. Re1 Bd2 27. Re2 Bf4 28. g3 Bd6 29. Re4 e5 30. Re2 Bb7 31. Kf1 c5 32. Ke1 Bf3 33. Rd2 Rh1# 0-1